[Event "TUR Cup"]
[Site "Denizli"]
[Date "2023.07.21"]
[Round "8"]
[White "Ozu, Sunguralp"]
[Black "Bayram, Zeki"]
[Result "1-0"]
[WhiteElo "1530"]
[BlackElo "1540"]
[PlyCount "127"]
[EventDate "2023.07.16"]
[EventType "team-tourn"]
[EventRounds "9"]
[EventCountry "TUR"]
[SourceTitle "CBM 215 Extra"]
[Source "ChessBase"]
[SourceDate "2023.09.30"]
[SourceVersion "1"]
[SourceVersionDate "2023.09.30"]
[SourceQuality "1"]

1. e4 c5 2. Nf3 Nc6 3. Bb5 g6 4. Bxc6 dxc6 5. h3 Bg7 6. d3 Nf6 7. a4 0-0 8. Qe2 Re8 9. 0-0 Qc7 10. Nbd2 Nd7 11. a5 e5 12. Nc4 Rb8 13. Be3 b5 14. axb6 axb6 15. Ne1 b5 16. Nd2 Qd6 17. f4 exf4 18. Bxf4 Be5 19. Bxe5 Nxe5 20. Nef3 Be6 21. Qf2 Ra8 22. Ng5 Qd4 23. Qxd4 cxd4 24. Rxa8 Rxa8 25. Nxe6 fxe6 26. Nb3 Ra4 27. Nc5 Ra2 28. Nxe6 Nf7 29. Rb1 Ra4 30. b3 Ra2 31. Rc1 Ne5 32. Nxd4 Kf7 33. Kf1 Ke7 34. Ke2 Kd6 35. Kd2 Kc5 36. Ne2 Kd6 37. d4 Nf7 38. Kd3 Ra3 39. Rf1 Ke7 40. Nc3 Nd6 41. d5 c5 42. e5 c4+ 43. Kd4 Nf5+ 44. Kc5 cxb3 45. Nxb5 Ra2 46. d6+ Kd7 47. cxb3 Rc2+ 48. Kb4 Rxg2 49. Re1 Ng7 50. Nc7 Rg3 51. Kc4 Rxh3 52. b4 Rh2 53. Rd1 Re2 54. Kd5 h5 55. Na6 h4 56. Nc5+ Kd8 57. Ra1 Rd2+ 58. Kc6 Ke8 59. e6 Nxe6 60. Nxe6 Kf7 61. Nc5 h3 62. d7 g5 63. Ne4 Rd3 64. Nd6+ 1-0